000 00937nam a22003017a 4500
001 5480
003 FISKH
005 20241210123949.0
008 241210b cb ||||| |||| 00| 0 eng d
020 _a9780590484138
040 _aFISKH
_beng
_cFISKH
_dFISKH
050 _aQH541.R44
082 _a591.5
100 _a Relf, Pat
_d(1954-)
245 _aThe magic school bus hops home /
_cA Book About Animal Habitats
250 _aFirst printing in 1995
260 _aNew York :
_bScholastic,
_c1995.
300 _a28 pages :
_bcolor illustrations ;
_c21 cm
505 _aG
520 _aMs. Frizzle's class learns about the kinds of homes and living conditions that various animals require.
521 8 _a400L
_bLexile
521 8 _aG
_bRaz-Plus
650 _2Animal habitats
_aAnimals
650 _2Picture book
_aMagic School Bus
700 _a Stevenson, Nancy
_dIllustrator
942 _2ddc
_cBK
_n0
999 _c5480
_d5480